LEADER 01935oam 2200493I 450 001 9910150339403321 005 20240501155627.0 010 $a1-351-98671-6 010 $a1-315-27198-2 024 7 $a10.4324/9781315271989 035 $a(CKB)3710000000932825 035 $a(MiAaPQ)EBC4741337 035 $a(OCoLC)965723054 035 $a(BIP)63379604 035 $a(BIP)59869882 035 $a(EXLCZ)993710000000932825 100 $a20180706d2017 uy 0 101 0 $aeng 135 $aurcnu|||||||| 181 $2rdacontent 182 $2rdamedia 183 $2rdacarrier 200 00$aLegacy of slavery and indentured labour $ehistorical and contemporary issues in Suriname and the Caribbean /$fedited by Maurits S. Hassankhan. [et al.] 205 $a1st ed. 210 1$aLondon ;$aNew York :$cRoutledge,$d2017. 215 $a1 online resource (273 pages) 311 08$a1-138-28055-0 311 08$a1-351-98672-4 320 $aIncludes bibliographical references at the end of each chapters and index. 327 $apt. 1. General impact of slavery, indentured labour and migration -- pt. 2. Health and diseases -- pt. 3. Maroons and maroon life. 330 $aThis book is the first publication originating from the conference Legacy of Slavery and Indentured Labour: Past, Present and Future , which was organised in June 2013, by the Institute of Graduate Studies and Research (IGSR), Anton de Kom University of Suriname. 606 $aIndentured servants$zSuriname$xHistory 606 $aIndentured servants$zCaribbean Area$xHistory 615 0$aIndentured servants$xHistory. 615 0$aIndentured servants$xHistory. 676 $a331.5409748 701 $aHassankhan$b Maurits S$0892621 801 0$bMiAaPQ 801 1$bMiAaPQ 801 2$bMiAaPQ 906 $aBOOK 912 $a9910150339403321 996 $aLegacy of slavery and indentured labour$92071151 997 $aUNINA